Lippincott's Photo Atlas of Medication Administration (Record no. 15755)

MARC details
000 -LEADER
fixed length control field 00469nam a22001457a 4500
008 - FIXED-LENGTH DATA ELEMENTS--GENERAL INFORMATION
fixed length control field 160311b xxu||||| |||| 00| 0 eng d
020 ## - INTERNATIONAL STANDARD BOOK NUMBER
International Standard Book Number 1451112481
040 ## - CATALOGING SOURCE
Original cataloging agency Kabarak University Library
Transcribing agency Kabarak University Library
100 ## - MAIN ENTRY--PERSONAL NAME
Personal name Lynn Pamela
245 ## - TITLE STATEMENT
Title Lippincott's Photo Atlas of Medication Administration
Statement of responsibility, etc. Pamela Lynn
250 ## - EDITION STATEMENT
Edition statement 4th ed.
260 ## - PUBLICATION, DISTRIBUTION, ETC. (IMPRINT)
Place of publication, distribution, etc. New York
Name of publisher, distributor, etc. Lippincott Williams
Date of publication, distribution, etc. 2011
300 ## - PHYSICAL DESCRIPTION
Extent iii,85p.
942 ## - ADDED ENTRY ELEMENTS (KOHA)
Source of classification or shelving scheme Library of Congress Classification
Koha item type General Collection
Edition 4th ed.
Classification part RM147.L962011C.3
Holdings
Withdrawn status Lost status Source of classification or shelving scheme Not for loan Home library Current library Shelving location Date acquired Cost, normal purchase price Total Checkouts Full call number Barcode Date last seen Date last checked out Copy number Price effective from Koha item type
    Library of Congress Classification   Kabarak, Main Campus Kabarak, Main Campus General Stacks 11/03/2016 8892.00 1 RM 147 .L96 2011 C.3 016628 16/04/2016 21/03/2016 C.3 11/03/2016 General Collection
    Library of Congress Classification   Kabarak, Main Campus Kabarak, Main Campus General Stacks 11/03/2016 8892.00   RM 147 .L96 2011 C.2 016627 11/03/2016   C.2 11/03/2016 General Collection
    Library of Congress Classification   Kabarak, Main Campus Kabarak, Main Campus General Stacks 11/03/2016 8892.00   RM 147 .L96 2011 C.1 016629 11/03/2016   C.1 11/03/2016 General Collection
Designed with assistance from East African Informatics Ltd